000 00626nam a2200241Ia 4500
003 OSt
005 20221007063112.0
006 a|||||r|||| 00| 0
007 ta
008 221006b |||||||| |||| 00| 0 eng d
024 _a19,844
037 _cTextual
040 _aFLL
_cFLL
_beng
041 _2eng
_aeng
082 _aV2:2:Z, N1
100 _aSeervai H.M. Au.
_9683738
245 0 _aConstitutional law of india
250 _a4th
260 _aBombay
_bN.M. Tripathi pvt. ltd. India
_c1991
300 _a967p
_ccm.
942 _hV2:2:Z, N1
_cTEXL
_2CC
999 _c1130378
_d1130378